Fundamentals Of Electric Circuit Theory / (Record no. 2936)
[ view plain ]
| 000 -LEADER | |
|---|---|
| fixed length control field | 00752nac a22001931u 4500 |
| 008 - FIXED-LENGTH DATA ELEMENTS--GENERAL INFORMATION | |
| fixed length control field | 100907t xxu||||| |||| 00| 0 eng d |
| 020 ## - INTERNATIONAL STANDARD BOOK NUMBER | |
| International Standard Book Number | 8121900085 |
| 082 ## - DEWEY DECIMAL CLASSIFICATION NUMBER | |
| Classification number | 624.17 |
| Item number | CHA |
| 100 ## - MAIN ENTRY--PERSONAL NAME | |
| Personal name | Chattopadhyay, D. |
| 9 (RLIN) | 18453 |
| 245 ## - TITLE STATEMENT | |
| Title | Fundamentals Of Electric Circuit Theory / |
| Remainder of title | D. Chattopadhyay ,P.C. Rakshit. |
| 250 ## - EDITION STATEMENT | |
| Remainder of edition statement | Revised ed. |
| 260 ## - PUBLICATION, DISTRIBUTION, ETC. (IMPRINT) | |
| Place of publication, distribution, etc | New Delhi:[2006]. |
| Name of publisher, distributor, etc | S.Chand and Company LTD, |
| Date of publication, distribution, etc | c[2006]. |
| 300 ## - PHYSICAL DESCRIPTION | |
| Extent | 499p.: |
| Other physical details | ill; |
| Dimensions | 24cm. |
| 650 ## - SUBJECT ADDED ENTRY--TOPICAL TERM | |
| Topical term or geographic name as entry element | Electric currents. |
| 9 (RLIN) | 18454 |
| 650 ## - SUBJECT ADDED ENTRY--TOPICAL TERM | |
| Topical term or geographic name as entry element | Electric engineering. |
| 9 (RLIN) | 18455 |
| 700 ## - ADDED ENTRY--PERSONAL NAME | |
| Personal name | Rakshit ,P.C. |
| 9 (RLIN) | 18456 |
| 942 ## - ADDED ENTRY ELEMENTS (KOHA) | |
| Item type | Book - Borrowing |
| Call number prefix | 624.17CHA |
| Source of classification or shelving scheme | Dewey Decimal Classification |
| Withdrawn status | Item status | Source of classification or shelving scheme | Damaged status | Not for loan | Vendor | Home library | Current library | Shelving location | Date acquired | Source of acquisition | Total Checkouts | Full call number | Barcode | Date last seen | Koha item type |
|---|---|---|---|---|---|---|---|---|---|---|---|---|---|---|---|
| Dewey Decimal Classification | Central Library | Central Library | First floor | 07/09/2010 | 624.17 CHA | 000001186 | 15/07/2025 | Book - Borrowing |